000
00250nam a2200109Ia 4500
005
20251222144714.0
008
251222s9999||||xx |||||||||||||| ||spa||
082
_a
287.4/C46
245
0
_a
MarĂa, Madre de la Iglesia:
264
_b
CETE
942
_c
LIB
999
_c
17931
_d
17931